| 000 | 00582nam a2200169 i 4500 | ||
|---|---|---|---|
| 001 | 43607 | ||
| 003 | ES-MaACL | ||
| 005 | 20230906160836.0 | ||
| 007 | t| | ||
| 008 | 030318s1971 sp |||| | spa d | ||
| 245 | 0 | 0 | _aCatálogo de exportadores guipuzcoanos. |
| 260 |
_a[San Sebastián] : _bCámara Oficial de Comercio, Industria y Navegación de Guipúzcoa, _c1971. |
||
| 300 |
_a78 p. ; _c21 cm. |
||
| 650 | 4 |
_aExportadores- _zGuipúzcoa- _vDirectorios. _9169738 |
|
| 710 | 2 |
_aCámara Oficial de Comercio, Industria y Navegación de Guipúzcoa. _92394 |
|
| 852 |
_aES-MaACL _jC-46426 |
||
| 999 |
_c43607 _d43607 |
||